000 00586nam a2200229Ia 4500
003 OSt
005 20221006151404.0
006 a|||||r|||| 00| 0
007 ta
008 221006b |||||||| |||| 00| 0 eng d
020 _c25.00
024 _a21,928
037 _cTextual
040 _aEASL
_cEASL
_beng
041 _2eng
_aeng
100 _aGROZA Petru
_9659069
245 0 _aPrintara celor sase sute de milioane
260 _an
_bEditura de State Pentru Literatura si Arta
_c1954
300 _a341p.
_ccm.
942 _cTEXL
_2CC
999 _c1090014
_d1090014